| 000 | 00656nam a22002297a 4500 | ||
|---|---|---|---|
| 003 | SEM | ||
| 999 |
_c72130 _d72130 |
||
| 005 | 20220608074940.0 | ||
| 008 | 220124b2020 hu ||||gr|||||001|0 eng|d | ||
| 020 | _a9786155569166 | ||
| 040 |
_aSEM _cSEM |
||
| 041 |
_aeng _hhung |
||
| 080 | _a347.167/B-92 | ||
| 245 |
_aBudapest report on christian persecution 2020 / _cEdt.: L. Ujházi; Trl.: T. Kőszegfalvi |
||
| 260 |
_aBudapest : _bMondat KFT., _c2020. |
||
| 300 |
_a435 p. ; _btable; _c21 cm |
||
| 650 |
_aLaw _xreligion |
||
| 650 | _aPersecution of christians | ||
| 653 | _aՍԷՄ | ||
| 700 |
_aUjházi Lóránd _4edt. |
||
| 700 |
_aKőszegfalvi Tamás _4trl. |
||
| 942 |
_2udc _cBK |
||